01744 a2200181 450000100040000000500170000400800410002100300150006204000400007708000330011724500440015002000220019426400420021630000220025850511320028010000400141285601100145225520260407155417.0260407a2007 arg spa dAR-UNSa-BCEJYS aAR-UNSa-BCEJYSbspacAR-UNSa-BCEJYS a330.101.541xMacroeconomía10aMacroeconomíapteoría y políticas a978-970-26-0939-1 1aMéxico :bPearson Educaciónc2007 axx, 769 p.c27 cm a1. Introducción - 2. Los datos - 3. Consumo - 4. Inversión - 5. El gobierno y la politica fiscal - 6. La economía cerrada - 7. Economía abierta:La cuenta corriente - 8. Economía abierta:El tipo de cambio real - 9. Más sobre tipo de cambio real y cuenta corriente - 10. Introducción al crecimiento económico - 11. El modelo neoclásico de crecimiento - 12. Modelos de crecimiento: Extensiones - 13. Evidencia empírica - 14. Crecimiento económico con ahorro óptimo - 15. Teoría cuantitativa, neutralidad y demanda por dinero - 16. Oferta de dinero, política monetaria e inflación - 17. Política monetaria y mercado financieros - 18. Introducción a la fluctuaciones de corto plazo - 19. El modelo Keynesiano de economía cerrada:IS-LM - 20. El modelo Mundell- Fleming: IS-LM en economías abiertas - 21. La oferta agregada y la curva de Philips - 22. Oferta, demanda agregada y políticas macroeconómicas - 23.Fluctuaciones en modelos del ciclo económico real - 24. Los mercados del trabajo y del crédito en el ciclo económico - 25. Inconsistencia intertemporal y política monetaria. 1 aGregorio Rebeco, José Fernando de41uhttps://biblioeco.unsa.edu.ar/pmb/images/libros/Macroeconomia2-l117696.jpgyImagen de portadaqimage/jpeg